000
00293cam a22001097a 4500
008
180718b1977 xxu||||| |||| 00| 0 eng d
082
_a
B71103x5414 A
100
_a
Orissa.
245
_a
The Orissa grama panchayats acts, rules etc.
260
_a
Bhubaneswar
_b
The author
_c
1977
300
_a
188+p.
999
_c
488673
_d
488673